Tekanan darah tinggi

Bibliographic Details
Main Author: Semple, Peter F. (Author)
Format: Book
Published: Jakarta : Penerbit Arcan , 1991
Series:Buku pintar kesihatan
Subjects:

MARC

LEADER 00000cam a2200000 7i4500
001 0000008963
005 20190908093000.0
008 021119n
020 |a 9794311103 
090 0 0 |a RA645.H9   |b S415 
100 0 |a Semple, Peter F. ,   |e author 
240 0 0 |a [High blood pressure.   |l Bahasa Malaysia] 
245 0 0 |a Tekanan darah tinggi   |c Peter Semple   |f alihbahasa, Meitasari Tjandrasa, penyunting, C. Wijaya 
260 2 |a Jakarta :   |b Penerbit Arcan ,   |c 1991 
300 |a 113 ms. ; ;   |c 20 sm. 
440 0 0 |a Buku pintar kesihatan 
501 |a Terjemahan: High blood pressure 
504 |a Mengandungi indeks 
650 0 |a High blood pressure 
650 0 |a Hypertension 
999 |a 1000033973   |b Book   |c OPEN SHELF (30 DAYS)   |e Gong Badak Campus